Chachaa Chhakan (Record no. 321280)

000 -LEADER
fixed length control field 00301 a2200133 4500
001 - CONTROL NUMBER
control field 86207
003 - CONTROL NUMBER IDENTIFIER
control field NUST
005 - DATE AND TIME OF LATEST TRANSACTION
control field 20180122093348.0
008 - FIXED-LENGTH DATA ELEMENTS--GENERAL INFORMATION
fixed length control field 180122b xxu||||| |||| 00| 0 eng d
020 ## - INTERNATIONAL STANDARD BOOK NUMBER
International Standard Book Number 9789693503128
082 ## - DEWEY DECIMAL CLASSIFICATION NUMBER
Classification number 891.4394 TAJ
100 ## - MAIN ENTRY--PERSONAL NAME
Personal name Imtiaz Ali Taj
9 (RLIN) 9429
245 ## - TITLE STATEMENT
Title Chachaa Chhakan
260 ## - PUBLICATION, DISTRIBUTION, ETC.
Place of publication, distribution, etc. Lahore
Name of publisher, distributor, etc. Sang e Meel
Date of publication, distribution, etc. 2009
300 ## - PHYSICAL DESCRIPTION
Extent 143 p.
942 ## - ADDED ENTRY ELEMENTS (KOHA)
Institution code [OBSOLETE] CAE NUST
Koha item type Book
Call number prefix 891.4394
Source of classification or shelving scheme
Holdings
Withdrawn status Lost status Damaged status Not for loan Collection code Permanent Location Current Location Date acquired Total Checkouts Full call number Barcode Date last seen Price effective from Koha item type
          College of Aeronautical Engineering (CAE) College of Aeronautical Engineering (CAE) 04/03/2017   891.4394 CAE85218 04/05/2017 04/05/2017 Book
© 2023 Central Library, National University of Sciences and Technology. All Rights Reserved.